000 01369cam a2200361 i 4500
003 EG-GICUC
005 20260225110414.0
008 980122s1997 nyu fr 000 0 eng d
040 _aDLC
_cDLC
_dDLC
_dEG-GICUC
_beng
_erda
050 0 0 _aK2400
_b.A48 1997
082 0 0 _a347.224
_221
092 0 4 _221
099 _aLaw 12 1997
245 0 0 _aArbitration rules issued by international institutions /
_c[edited by] H. Smit, V. Pechota.
246 1 4 _aArbitration rules--international institutions
246 1 8 _aInternational institutions rules
264 _a[Yonkers, N.Y.] :
_a[London] :
_bJuris Pub. ;
_bSweet & Maxwell,
_c1997.
300 _avi, 332 pages ;
_c27 cm.
336 _atext
_2rdacontent
337 _aComputer
_2rdamedia
338 _aOnline Resource
_2rdacarrier
440 0 _aParker School guides to international arbitration,
_x1050-3900 ;
_vv. 1
500 _aAt head of title: Parker School of Foreign and Comparative Law, Columbia University.
504 _aIncludes bibliographical references.
650 0 _aInternational commercial arbitration.
650 0 _aCommercial courts
_xRules and practice.
700 1 _aSmit, Hans.
700 1 _aPěchota, Vratislav.
710 2 _aParker School of Foreign and Comparative Law.
856 4 0 _uhttps://fll.law.cu.edu.eg/fulltext/bks/ENGB12-00035.pdf
905 _a10
942 _2ddc
_cBK
_e21
_n0
999 _c64186
_d64186